| 000 -LEADER |
| fixed length control field |
01769nam a22004937a 4500 |
| 001 - CONTROL NUMBER |
| control field |
4855026 |
| 003 - CONTROL NUMBER IDENTIFIER |
| control field |
LIBRIS |
| 005 - DATE AND TIME OF LATEST TRANSACTION |
| control field |
20241030090728.0 |
| 008 - FIXED-LENGTH DATA ELEMENTS--GENERAL INFORMATION |
| fixed length control field |
011211s1979 xxu|||||||||||000 0|eng|c |
| 020 ## - INTERNATIONAL STANDARD BOOK NUMBER |
| International Standard Book Number |
0345324870 |
| 020 ## - INTERNATIONAL STANDARD BOOK NUMBER |
| International Standard Book Number |
0345339010 |
| Qualifying information |
hft. |
| 040 ## - CATALOGING SOURCE |
| Original cataloging agency |
U* |
| Language of cataloging |
eng |
| Transcribing agency |
DLC |
| 041 ## - LANGUAGE CODE |
| Language code of text/sound track or separate title |
eng |
| 080 ## - UNIVERSAL DECIMAL CLASSIFICATION NUMBER |
| Universal Decimal Classification number |
15 |
| Item number |
L-62 |
| 082 04 - DEWEY DECIMAL CLASSIFICATION NUMBER |
| Classification number |
155.332 |
| Edition number |
23/swe |
| 084 ## - OTHER CLASSIFICATION NUMBER |
| Classification number |
Dof |
| Number source |
kssb/7 |
| 084 ## - OTHER CLASSIFICATION NUMBER |
| Classification number |
Do |
| Number source |
kssb |
| 100 1# - MAIN ENTRY--PERSONAL NAME |
| Personal name |
Levinson, Daniel J. |
| Relationship |
aut |
| 245 14 - TITLE STATEMENT |
| Title |
The seasons of a man's life / |
| Statement of responsibility, etc. |
by Daniel J. Levinson ; with Charlotte N. Darrow .. |
| Remainder of title |
/ by: Ballantine Books |
| 250 ## - EDITION STATEMENT |
| Edition statement |
1st Ballantine Books edition |
| 260 ## - PUBLICATION, DISTRIBUTION, ETC. |
| Place of publication, distribution, etc. |
New York |
| Name of publisher, distributor, etc. |
Ballantine Books |
| Date of publication, distribution, etc. |
1979 |
| 300 ## - PHYSICAL DESCRIPTION |
| Extent |
363 p. |
| 365 ## - TRADE PRICE |
| Price amount |
12 usd |
| 650 #7 - SUBJECT ADDED ENTRY--TOPICAL TERM |
| Topical term or geographic name entry element |
Utvecklingspsykologi |
| Authority record control number or standard number |
https://id.kb.se/term/sao/Utvecklingspsykologi |
| Source of heading or term |
sao |
| 650 #0 - SUBJECT ADDED ENTRY--TOPICAL TERM |
| Topical term or geographic name entry element |
Psychology |
| 9 (RLIN) |
134 |
| 650 #0 - SUBJECT ADDED ENTRY--TOPICAL TERM |
| Topical term or geographic name entry element |
Developmental psychology |
| 650 #4 - SUBJECT ADDED ENTRY--TOPICAL TERM |
| Topical term or geographic name entry element |
Mansrollen |
| 650 #4 - SUBJECT ADDED ENTRY--TOPICAL TERM |
| Topical term or geographic name entry element |
Psykologi |
| 650 #4 - SUBJECT ADDED ENTRY--TOPICAL TERM |
| Topical term or geographic name entry element |
Socialstyrelsen |
| 653 ## - INDEX TERM--UNCONTROLLED |
| Uncontrolled term |
ფსიქოლოგია |
| 700 1# - ADDED ENTRY--PERSONAL NAME |
| Personal name |
Darrow, Charlotte |
| Relationship |
oth |
| 700 ## - ADDED ENTRY--PERSONAL NAME |
| Personal name |
Klein, B. Edward |
| 9 (RLIN) |
924 |
| 700 ## - ADDED ENTRY--PERSONAL NAME |
| Personal name |
Levinson, H. Maria |
| 9 (RLIN) |
925 |
| 700 ## - ADDED ENTRY--PERSONAL NAME |
| Personal name |
McKee, Braxton |
| 9 (RLIN) |
926 |
| 887 ## - NON-MARC INFORMATION FIELD |
| Content of non-MARC field |
{"@id":"vc5xt0n62shfn8t","modified":"2012-10-02T14:39:11+02:00","checksum":"88469217484"} |
| Source of data |
librisxl |
| 887 ## - NON-MARC INFORMATION FIELD |
| Content of non-MARC field |
{"@id":"tz5llr804z5gmxv","modified":"2012-10-02T14:38:52+02:00","checksum":"52228287591"} |
| Source of data |
librisxl |
| 887 ## - NON-MARC INFORMATION FIELD |
| Content of non-MARC field |
{"@id":"rw2nnpnx2ql6lhl","modified":"2014-06-30T10:51:25+02:00","checksum":"46525918944"} |
| Source of data |
librisxl |
| 942 ## - ADDED ENTRY ELEMENTS (KOHA) |
| Source of classification or shelving scheme |
|
| Koha item type |
Books |
| Edition |
1 |